Países más cercanos a Uruguay - ¡Muerte súbita! - Estadísticas

Estadísticas generales
  • Esta prueba ha sido intentada 47 veces
  • La puntuación promedio es 11 de 15
Answers on the Grid
Answers color-coded by a green-red scale on the quiz's grid according to % correct below.
Panamá
Surinam
Guyana
Venezuela
Colombia
Ecuador
Perú
Bolivia
Chile
Argentina
Paraguay
Brasil
Trinidad y Tobago
Granada
San Vicente y las Granadinas
Barbados
Santa Lucía
Dominica
San Cristóbal y Nieves
República Dominicana
Antigua y Barbuda
Haití
Bahamas
Cuba
Jamaica
Costa Rica
Nicaragua
El Salvador
México
Sierra Leona
 
Estadísticas de respuestas
Respuesta % Correcto
Paraguay
100%
Argentina
97%
Brasil
97%
Chile
97%
Bolivia
95%
Perú
92%
Venezuela
92%
Colombia
89%
Ecuador
87%
Panamá
74%
Guyana
71%
Surinam
68%
Trinidad y Tobago
45%
Granada
21%
San Vicente y las Granadinas
18%
No se encontraron pruebas coincidentes
Distribución de puntuación
Porcentaje de gente con cada puntuación
Porcentaje por número respondido
Historial de tus puntuaciones
No has intentado esta prueba.